Statistics for Walking Dead Locations

Click here to take the quiz!

General Stats

  • This quiz has been taken 237 times
    (221 since last reset)
  • The average score is 11 of 14

Answer Stats

SeasonHintAnswer% Correct
3 and 4Judith was Born here.The Prison
96%
1,2,5Capital City of the Above.Atlanta
94%
2Sophia, Dale and Shane died here.Greene Family Farm
94%
5 and 6Deanna's former Town.Alexandria Safe-Zone
89%
1Jacqui and Edwin died here.CDC
89%
3The Governors former Town.Woodbury
88%
4 and 5"Sanctuary for All".Terminus
87%
7Home of Paul Rovia (Jesus)The Hilltop
86%
7Home of King EzekielThe Kingdom
86%
5Gabriel lived off Canned food for a while here.St. Sarah's Church
84%
NoneAbrahams group were originally heading here.Washington D.C
84%
1-4State the Show is set in.Georgia
74%
5,6,7State the Above is in.Virginia
44%
7The Scavengers baseThe Junkyard
28%

Score Distribution

Percentile by Number Answered

Percent of People with Each Score

Your Score History

You have not taken this quiz since the last reset